Santo Domingo colonial : (Registro nro. 8051)

Detalles MARC
000 -LIDER
fixed length control field 02283nam a2200325 a 4500
001 - NÚMERO DE CONTROL
Identificador de número de control 000000516
003 - IDENTIFICACDOR DE NÚMERO DE CONTROL
control field DO-SdBNP
005 - DATE AND TIME OF LATEST TRANSACTION
control field 20170925114851.0
007 - CAMPOS FIJOS DE DESCRIPCIÓN FÍSICA
fixed length control field 000000516
008 - ELEMENTOS DE LONGITUD FIJA
fixed length control field 081122s2007 dr 000 0 spa d
020 ## - ISBN
International Standard Book Number 9789945861464
020 ## - ISBN
International Standard Book Number 9945861468
040 ## - FUENTE DE CATALOGACIÓN
Agencia que crea de manera original el registro BPMSU
Idioma de catalogación spa
Agencia que realiza la transcripción BPMSU
082 ## - NÚMERO DE CLASIFICACIÓN DECIMAL DE DEWEY
Classification number 720.97293
Item number G984s
092 ## - LOCALLY ASSIGNED DEWEY DECIMAL CALL NUMBER
Número de clasificación
100 1# - ASIENTO PRINCIPAL -- NOMBRE PERSONAL
Nombre personal Gutiérrez Escudero, Antonio
245 10 - MENCIÓN DE TITULO
Título Santo Domingo colonial :
Subtítulo estudios históricos, siglos XVI al XVIII /
Mención de responsabilidad Antonio Gutiérrez Escudero.
260 ## - PUBLICACIÓN, DISTRIBUCIÓN, ETC. (PIE DE IMPRENTA)
Lugar de publicación, distribución, etc Santo Domingo :
Nombre del editor, distribuidor, etc. Academia Dominicana de la Historia,
Fecha de publicación, distribución, etc 2007.
300 ## - DESCRIPCIÓN FÍSICA
Extensión xv., 351 p. :
Otros detalles físicos il. ;
Dimensiones 23 cm.
490 1# - MENCIÓN DE SERIES
Mención de serie Academia Dominicana de la História ;
Volume/sequential designation 82
500 ## - NOTA GENERAL
Nota general Incluye datos biográficos del autoe en la solapa de la cubierta
505 2# - NOTA DE CONTENIDO
Título Presentación /
Mención de responsabilidad Genaro Rodríguez Morel --
Título Introducción -- T
-- Tres fuentes españolas sobre Saint Domingue, 1699-1731 --
-- Cuestión de límites en la isla Española, 1690-1777 --
Texto normalizado de contenido Un canario en la Española. Vida, hechos y familia de Pedro Lousel Montero, 1724-1801 --
Título Contrabando en el Caribe: comercio ilícito entre franceses y españoles en Santo Domingo --
-- Una guarnición de fronteras en América: ejército y milicias en Santo Domingo, 1700-1748 --
-- Vicisitudes de una villa de canarios en la Española: San Carlos de Tenerife, 1684-1750 --
-- Las primeras obras públicas en el Nuevo Mundo y su financiación: Santo Domingo, 1494-1572 --
-- Colonos, familias pobladoras y fundación de ciudades en la Española, 1684-1768 --
-- Nuevas consideraciones sobre la inmigración canaria a Santo Domingo en el siglo XVIII --
-- Acerca del proyectismo y del reformismo borbónico en Santo Domingo --
-- Productos alimenticios en la dieta de los hispanodominicanos, siglo XVIII --
-- Nuevas y viejas consideraciones acerca del tabaco dominicano y su producción.
650 #4 - ENCABEZAMIENTO DE MATERIA--TEMÁTICO
Término temático o nombre geográfico como elemento de entrada ARQUITECTURA COLONIAL
Subdivisión geográfica SANTO DOMINGO (REPÚBLICA DOMINICANA)
Subdivisión temática general HISTORIA
Subdivisión cronológica SIGLO XVI-XVIII
650 #4 - ENCABEZAMIENTO DE MATERIA--TEMÁTICO
Término temático o nombre geográfico como elemento de entrada SANTO DOMINGO (REPÚBLICA DOMINICANA)
Subdivisión temática general HISTORIA
Subdivisión cronológica SIGLO XVI-XVIII
650 #4 - ENCABEZAMIENTO DE MATERIA--TEMÁTICO
Término temático o nombre geográfico como elemento de entrada MONUMENTOS HISTÓRICOS
Subdivisión geográfica SANTO DOMINGO (REPÚBLICA DOMINICANA)
Subdivisión cronológica SIGLO XVI-XVIII
830 #0 - ASIENTO SECUNDARIO DE SERIE--TÍTULO UNIFORME
Título uniforme Academia Dominicana de la Historia
Número de la parte o sección de una obra 82
942 ## - ADDED ENTRY ELEMENTS (KOHA)
Source of classification or shelving scheme Dewey Decimal Classification
Koha item type Libros
945 ## - INFORMACIÓN DE PROCESAMIENTO LOCAL
Información de procesamiento local Inventariado / 2017 VM
956 ## - LOCAL ELECTRONIC LOCATION AND ACCESS (OCLC)
Nombre de host VMATEO
Número de acceso 10
Información de compresión 20150803
Inicio de sesión BPMSU
Procesador de solicitud 00151
Existencias
Withdrawn status Lost status Source of classification or shelving scheme Damaged status Not for loan Collection code Home library Current library Date acquired Source of acquisition Total Checkouts Full call number Barcode Date last seen Price effective from Koha item type
    Dewey Decimal Classification     Colección Dominicana Biblioteca Pública Metropolitana Salomé Ureña Biblioteca Pública Metropolitana Salomé Ureña 08/03/2015 Archivo General de la Nación   720.97293 G984s BPMSU15080021 08/03/2015 08/03/2015 Libros